LIBRARY & INFORMATION CENTRE, KCAET, TAVANUR

ONLINE PUBLIC ACCESS CATALOGUE (OPAC)

Normal view MARC view
  • ed by, Buyanov

Entry Personal Name

Number of records used in: 1

001 - CONTROL NUMBER

  • control field: 5264

003 - CONTROL NUMBER IDENTIFIER

  • control field: OSt

005 - DATE AND TIME OF LATEST TRANSACTION

  • control field: 20220930111518.0

008 - FIXED-LENGTH DATA ELEMENTS

  • fixed length control field: 220930|| aca||aabn | a|a d

040 ## - CATALOGING SOURCE

  • Original cataloging agency: OSt
  • Transcribing agency: OSt

100 ## - HEADING--PERSONAL NAME

  • Personal name: ed by, Buyanov
  • Personal name: ed by, voronyuk

670 ## - SOURCE DATA FOUND

  • Source citation: Work cat.: (OSt)17558: ed by, Buyanov ed by, voronyuk, Physical and mechanical properties of plants, fertilizers and soils
free website counter